Olivia Rodrigo Trivia - Statistics

General Stats
  • This quiz has been taken 142 times
  • The average score is 8 of 12
Answer Stats
Question Answer % Correct
What song by Olivia has the lyrics, "I'm right here with all my friends, but you're sending me your new address."? Bad Idea Right?
88%
What song is said to have skyrocketed Olivia's singing career? Drivers License
81%
What is Olivia's middle name? Isabel
75%
How old is Olivia Rodrigo? (December 2024) 21
71%
What was the final track in SOUR? Hope Ur Ok
71%
What state was Olivia born in? California
67%
Who did Olivia perform "The One That Got Away" with? Conan Gray
67%
What is the name of the documentary based on SOUR? driving home 2 u
67%
Who is one of Olivia's main producers? Daniel Nigro
65%
How many songs are in Olivia's SOUR album? 11
60%
What show put Olivia's singing talents on display? HSMTMTS
56%
What singer is Conan Gray and Olivia the "kids" of? Taylor Swift
54%
No matching quizzes found
Score Distribution
Percent of People with Each Score
Percentile by Number Answered
Your Score History
You have not taken this quiz